书目信息 |
| 题名: |
旋转天王
|
|
| 作者: | 陆叶 著 | |
| 分册: | ||
| 出版信息: | 长沙 湖南人民出版社 2009.07 |
|
| 页数: | 264页 | |
| 开本: | 23cm | |
| 丛书名: | ||
| 单 册: | ||
| 中图分类: | I247.5 | |
| 科图分类: | ||
| 主题词: | 长篇小说--chang pian xiao shuo--中国--当代 | |
| 电子资源: | ||
| ISBN: | 978-7-5438-5818-3 | |
| 000 | 00830nam0 2200241 450 | |
| 001 | 012010684281 | |
| 005 | 20100403165228.62 | |
| 010 | @a978-7-5438-5818-3@dCNY26.80 | |
| 100 | @a20100403d2009 em y0chiy0120 ea | |
| 101 | 0 | @achi |
| 102 | @aCN@b430000 | |
| 105 | @ay z 000ay | |
| 106 | @ar | |
| 200 | 1 | @a旋转天王@Axuan zhuan tian wang@d= Spin kings@f陆叶著@Flu ye zhu@zeng |
| 210 | @a长沙@c湖南人民出版社@d2009.07 | |
| 215 | @a264页@d23cm | |
| 330 | @a本书是一部长篇小说, 讲述的是:一只脏兮兮的狗躺在宽阔幽静的公路旁,白色的皮毛显得凌乱而肮脏。没有人注意到那只可怜的狗,直到一抹如火的红色照亮了这幅画面.... | |
| 510 | 1 | @aSpin kings@zeng |
| 606 | 0 | @a长篇小说@Achang pian xiao shuo@y中国@z当代 |
| 690 | @aI247.5@v4 | |
| 701 | 0 | @a陆叶@Alu ye@4著 |
| 801 | 0 | @aCN@bQSSK@c20100403 |
| 905 | @b773325-27@dI247.5@eL861@f3 | |
| 旋转天王= Spin kings/陆叶著.-长沙:湖南人民出版社,2009.07 |
| 264页;23cm |
| ISBN 978-7-5438-5818-3:CNY26.80 |
| 本书是一部长篇小说, 讲述的是:一只脏兮兮的狗躺在宽阔幽静的公路旁,白色的皮毛显得凌乱而肮脏。没有人注意到那只可怜的狗,直到一抹如火的红色照亮了这幅画面.... |
| ● |
| 相关链接 |
|
|
|
正题名:旋转天王
索取号:I247.5/L861
 
预约/预借
| 序号 | 登录号 | 条形码 | 馆藏地/架位号 | 状态 | 备注 |
| 1 | 773325 | 207733256 | 文学库108/108文学库 33排6列4层/ [索取号:I247.5/L861] | 在馆 | |
| 2 | 773326 | 207733265 | 文学库108/108文学库 33排6列4层/ [索取号:I247.5/L861] | 在馆 | |
| 3 | 773327 | 207733274 | 文学库108/108文学库 33排6列4层/ [索取号:I247.5/L861] | 在馆 |